<?xml version="1.0" encoding="UTF-8"?>
<collection xmlns="http://www.loc.gov/MARC21/slim">
 <record>
  <leader>00715nam a22001571  4500</leader>
  <controlfield tag="001">1/15208</controlfield>
  <controlfield tag="008">990826s1981    gr                  gre d</controlfield>
  <datafield tag="035" ind1=" " ind2=" ">
   <subfield code="l">15701</subfield>
  </datafield>
  <datafield tag="040" ind1=" " ind2=" ">
   <subfield code="a">GR-PeUP</subfield>
  </datafield>
  <datafield tag="090" ind1=" " ind2=" ">
   <subfield code="a">342 ΤΣ</subfield>
  </datafield>
  <datafield tag="100" ind1="1" ind2=" ">
   <subfield code="a">Τσάτσος, Δημήτρης Θ.,</subfield>
   <subfield code="d">1933-2010.</subfield>
  </datafield>
  <datafield tag="245" ind1="1" ind2="0">
   <subfield code="a">Συνταγματικό δίκαιο :</subfield>
   <subfield code="b">τόμος α΄, κατά το σύνταγμα της 11ης Ιουνίου 1975, επιτομή /</subfield>
   <subfield code="c">Δημήτρης Θ. Τσάτσος</subfield>
  </datafield>
  <datafield tag="260" ind1=" " ind2=" ">
   <subfield code="a">Αθήνα :</subfield>
   <subfield code="b">Αντ. Ν. Σάκκουλας ,</subfield>
   <subfield code="c">1981</subfield>
  </datafield>
  <datafield tag="300" ind1=" " ind2=" ">
   <subfield code="a">xviii, 356 σ. ;</subfield>
   <subfield code="c">24 εκ.</subfield>
  </datafield>
  <datafield tag="650" ind1=" " ind2="4">
   <subfield code="a">Συνταγματικό δίκαιο.</subfield>
  </datafield>
  <datafield tag="852" ind1=" " ind2=" ">
   <subfield code="a">INST</subfield>
   <subfield code="b">UNIPILB</subfield>
   <subfield code="c">MAIN</subfield>
   <subfield code="e">20040709</subfield>
   <subfield code="h">342 ΤΣ</subfield>
   <subfield code="p">00131997</subfield>
   <subfield code="q">00131997</subfield>
   <subfield code="t">LOAN</subfield>
   <subfield code="y">0</subfield>
   <subfield code="4">1</subfield>
  </datafield>
 </record>
</collection>
